Central Library OPAC University of Rajshahi
Normal view MARC view

Entry Personal Name

Number of records used in: 2

001 - CONTROL NUMBER

  • control field: 11719

003 - CONTROL NUMBER IDENTIFIER

  • control field: BD-RjUL

005 - DATE AND TIME OF LATEST TRANSACTION

  • control field: 20240213115619.0

008 - FIXED-LENGTH DATA ELEMENTS

  • fixed length control field: 240213|| aca||aabn | a|a d

040 ## - CATALOGING SOURCE

  • Original cataloging agency: BD-RjUL
  • Transcribing agency: BD-RjUL

100 ## - HEADING--PERSONAL NAME

  • Personal name: , وزىرى، علىنقى ;; ʻWazīrī, Alī Naqī

670 ## - SOURCE DATA FOUND

  • Source citation: Work cat.: (BD-RjUL)83079: وزىرى، علىنقى ;; ʻWazīrī, Alī Naqī. , زىبا شناسى در هنر و طبىعت / Zībā̄ shināsī dar hunar va ṭ̣̣̣abīʻat /, 1955